| 000 | 00459nab a2200169 a 4500 | ||
|---|---|---|---|
| 001 | 19237 | ||
| 003 | 51158 | ||
| 005 | 20201118095822.0 | ||
| 008 | ||||||n9999 ||| || || | ||
| 100 | _aGonzalez L., Julian | ||
| 245 | 0 | _aAnalisis lineal de las interdependencias estructurales en un sistema econsmico | |
| 300 | _app. 43-51 | ||
| 562 | _e0 | ||
| 650 | _aMODELOS ECONÓMICOS | ||
| 773 |
_019233 _aProyecciones - Vol.4 No.1-2-12 |
||
| 942 | _cSART | ||
| 999 |
_c19237 _d19237 |
||